000 00806nam a2200133Ia 4500
008 160809s9999 xx 000 0 und d
100 _aWard-Ciesielski, Erin F.
245 _aSingle-session dialectical behavior therapy skills training versus relaxation training for non-treatment-engaged suicidal adults: a randomized controlled trial
245 _cErin F. Ward-Ciesielski, Connor B. Jones, Madeline D. Wielgus, Chelsey R. Wilks and Marsha M. Linehan.
260 _bBMC Psychology
260 _c24 March 2016
650 _xPSYCHOLOGY
856 _uhttp://download.springer.com/static/pdf/46/art%253A10.1186%252Fs40359-016-0117-4.pdf?originUrl=http%3A%2F%2Fbmcpsychology.biomedcentral.com%2Farticle%2F10.1186%2Fs40359-016-0117-4&token2=exp=1469411738~acl=%2Fstatic%2Fpdf%2F46%2Fart%25253A10.1186%25252Fs4
999 _c300213
_d300213